Application of an input-output framework to a community economic system
This book introduce input-output model, local industry delineation and measurement units, data collection, application...
Sparad:
| Huvudupphovsman: | |
|---|---|
| Materialtyp: | Bok |
| Språk: | Undetermined |
| Publicerad: |
Columbia
University of Missouri Press
1967
|
| Ämnen: | |
| Taggar: |
Lägg till en tagg
Inga taggar, Lägg till första taggen!
|
| Thư viện lưu trữ: | Trung tâm Học liệu Trường Đại học Cần Thơ |
|---|
| LEADER | 00739nam a2200193Ia 4500 | ||
|---|---|---|---|
| 001 | CTU_153588 | ||
| 008 | 210402s9999 xx 000 0 und d | ||
| 082 | |a 339.23 | ||
| 082 | |b H287 | ||
| 100 | |a Harmston, Floyd K. | ||
| 245 | 0 | |a Application of an input-output framework to a community economic system | |
| 245 | 0 | |c by Floyd K. Harmston and Richard E. Lund | |
| 260 | |a Columbia | ||
| 260 | |b University of Missouri Press | ||
| 260 | |c 1967 | ||
| 520 | |a This book introduce input-output model, local industry delineation and measurement units, data collection, application... | ||
| 650 | |a Input-output analysis,Phân tích xuất nhập khẩu | ||
| 904 | |i QHieu | ||
| 980 | |a Trung tâm Học liệu Trường Đại học Cần Thơ | ||